| Tag |
First Indicator |
Second Indicator |
Subfields |
| LEADER |
00000nam a2200000Ia 4500 |
| 001 |
in00004272829 |
| 005 |
20200810075046.0 |
| 006 |
m g d |
| 007 |
cr bn |||a|bb| |
| 008 |
850912s1682 enk o 00| | eng d |
| 035 |
|
|
|a (OCoLC)12541849
|
| 040 |
|
|
|a EAA
|c EAA
|d m/c
|d EAA
|d UMI
|d WaOLN
|
| 037 |
|
|
|a CL0037000008
|b ProQuest Information and Learning. 300 N. Zeeb Rd., Ann Arbor, MI 48106
|
| 043 |
|
|
|a e-uk-en
|
| 049 |
|
|
|a UMIA
|
| 100 |
1 |
|
|a Bugg, Francis,
|d 1640-1724?
|
| 245 |
1 |
0 |
|a De Christiana libertate, or, Liberty of conscience upon it's [sic] true and proper grounds asserted & vindicated :
|b and the mischief of impositions amongst the people called Quakers made manifest : in two parts : the first proving that no prince nor state ought by force to compel men to any part of the doctrine, worship, or discipline of the Gospel, by a nameless, yet an approved author [i.e. Sir Charles Wolseley], &c. : the second shewing the inconsistency betwixt the church-government erected by G. Fox, &c., and that in the primitive times ... : to which is added, A word of advice to the Pencilvanians /
|c by Francis Bugg.
|
| 260 |
|
|
|a London :
|b Printed for the author, and are to be sold by Enoch Prosser ...,
|c 1682.
|
| 300 |
|
|
|a 1 online resource ([8], 143, 228 pages)
|
| 336 |
|
|
|a text
|b txt
|2 rdacontent
|
| 337 |
|
|
|a computer
|b c
|2 rdamedia
|
| 338 |
|
|
|a online resource
|b cr
|2 rdacarrier
|
| 500 |
|
|
|a "Liberty of conscience upon its true and proper grounds asserted and vindicated": pages 1-102 (2nd group)
|
| 500 |
|
|
|a "Liberty of conscience the magistrates interest, or, To grant liberty of conscience to persons of different perswasions in matters of religion is the great interest of all kingdoms and states and particularly of England": pages 103-143 (2nd group)
|
| 500 |
|
|
|a "Liberty of conscience upon its true and proper grounds asserted and vindicated" and "Liberty of conscience the magistrates interest" are by Sir Charles Wolseley. Cf. Wing.
|
| 500 |
|
|
|a "De Christiana libertate, or, The mischief of impositions amongst the people called Quakers, made manifest : shewing the inconsistency betwixt the church-discipline, order, and government, erected by G. Fox, and those of party with him, and that in the primitive times, being historically treated on : with a word of advice to the Pencilvanians : and is the first part of Naked truth / by Francis Bugg": pages 1-228 (3rd group).
|
| 500 |
|
|
|a Errata: pages 228 (3rd group)
|
| 500 |
|
|
|a Reproduction of original in Huntington Library.
|
| 510 |
4 |
|
|a Wing
|c B5370
|
| 533 |
|
|
|a Electronic reproduction.
|b Ann Arbor, Mich. :
|c UMI,
|d 1999-
|f (Early English books online)
|n Digital version of: (Early English books, 1641-1700 ; 271:13)
|7 s1999 miun s
|
| 650 |
|
0 |
|a Society of Friends
|v Controversial literature.
|
| 600 |
1 |
0 |
|a Fox, George,
|d 1624-1691.
|
| 650 |
|
0 |
|a Freedom of religion
|v Early works to 1800.
|
| 650 |
|
0 |
|a Freedom of religion
|z England
|v Early works to 1800.
|
| 650 |
|
0 |
|a Liberty of conscience
|v Early works to 1800.
|
| 650 |
|
0 |
|a Liberty of conscience
|z England
|v Early works to 1800.
|
| 700 |
1 |
2 |
|a Wolseley, Charles,
|c Sir,
|d 1630?-1714.
|t Liberty of conscience upon its true and proper grounds asserted and vindicated.
|
| 700 |
1 |
2 |
|a Wolseley, Charles,
|c Sir,
|d 1630?-1714.
|t Liberty of conscience the magistrates interest.
|
| 740 |
0 |
|
|a De Christiana libertate.
|
| 740 |
0 |
|
|a Liberty of conscience upon it's [sic] true and proper grounds asserted and vindicated.
|
| 740 |
0 |
|
|a Liberty of conscience the magistrates interest.
|
| 740 |
0 |
|
|a To grant liberty of conscience to persons of different perswasions in matters of religion is the great interest of all kingdoms and states and particularly of England.
|
| 740 |
0 |
|
|a Mischief of impositions amongst the people called Quakers.
|
| 740 |
0 |
|
|a Word of advice to the Pencilvanians.
|
| 830 |
|
0 |
|a Early English books online.
|
| 856 |
4 |
0 |
|u http://proxy.library.tamu.edu/login?url=https://search.proquest.com/docview/2240969399
|z Connect to the full text of this electronic book
|t 0
|
| 999 |
f |
f |
|s dd2ed9bd-7957-340b-82c9-2c33b8d809f8
|i 2a69e98a-2890-3e0a-9226-00a9d12b7301
|t 0
|
| 952 |
f |
f |
|a Texas A&M University
|b College Station
|c Electronic Resources
|d Available Online
|t 0
|h No information provided
|
| 998 |
f |
f |
|t 0
|l Available Online
|